Statistics for Country Chain Quiz #2

Click here to take the quiz!

General Stats

  • This quiz has been taken 863 times
    (471 since last reset)
  • The average score is 15 of 21

Answer Stats

HintAnswer% Correct
Mt EverestNepal
91%
Scandinavian CountryNorway
90%
Small island off Turkey and GreeceCyprus
88%
Borders HaitiDominican Republic
88%
Middle-Eastern countryYemen
86%
Overseas terrirory of DenmarkGreenland
84%
Make good pocket knivesSwitzerland
80%
Tiny African country of Eritrea/SomaliaDjibouti
79%
Used to be communistRussia
76%
Pot 'o' GoldIreland
74%
Former Chinese stateTaiwan
73%
A small country with a high GDP per capitaLuxembourg
68%
US failed to pull outAfghanistan
66%
Similar to Peter Pan's homelandNetherlands
66%
Holds an Australian detention centreNauru
60%
Became a republic after a famous revolutionFrance
56%
Borat hates this countryUzbekistan
56%
Half of an island owned by IndonesiaEast Timor
53%
Persecuted the HebrewsEgypt
52%
Gibraltar of the EastSingapore
49%
Similar to Moldova's flagAndorra
47%

Score Distribution

Percentile by Number Answered

Percent of People with Each Score

Your Score History

You have not taken this quiz since the last reset